El sistema de medidas cautelares
Zapisane w:
| Główni autorzy: | , , , , , , , , |
|---|---|
| Kolejni autorzy: | |
| Format: | Książka |
| Język: | hiszpański |
| Wydane: |
Pamplona
Universidad de Navarra
1974
|
| Hasła przedmiotowe: | |
| Etykiety: |
Dodaj etykietę
Nie ma etykietki, Dołącz pierwszą etykiete!
|
MARC
| LEADER | 00000nam a2200000 a 4500 | ||
|---|---|---|---|
| 001 | UCS1000 | ||
| 003 | CL-VaPUC | ||
| 005 | 20230313161247.0 | ||
| 008 | 970506e19740000sp 1 spa d | ||
| 082 | 0 | 4 | |a 347.077 |b PRI |2 21 |
| 100 | 1 | |a Prieto-Castro y Ferrándiz, Leonardo |e author |9 618410 | |
| 700 | |a Gutiérrez-Alviz y Armario, Faustino |e author |9 618411 | ||
| 700 | |a Fairén Guillén, Víctor |e author |9 618412 | ||
| 700 | 1 | |a Gutiérrez de Cabiedes, Eduardo |e author |9 618413 | |
| 700 | 1 | |a González Deleito, Nicolás |e author |9 618414 | |
| 700 | |a Montero Aroca, Juan |e autor |9 618415 | ||
| 700 | 1 | |a Pérez Gordo, Alfonso |e author |9 618416 | |
| 700 | 1 | |a Font Serra, Eduardo |e author |9 618417 | |
| 700 | |a González Montes, José Luis |e author |9 618418 | ||
| 700 | 1 | |a Montes Reyes, Amalia |e author |9 618419 | |
| 245 | 1 | 3 | |a El sistema de medidas cautelares |
| 260 | |a Pamplona |b Universidad de Navarra |c 1974 | ||
| 300 | |a 259 p | ||
| 583 | |a last modification |c 19970506 00:00:00 |k Rodrigo Vera | ||
| 650 | 0 | 0 | |a Derecho procesal civil |9 258071 |
| 650 | 0 | 0 | |a Procedimiento civil |9 254870 |
| 650 | 0 | 0 | |a Medidas cautelares |9 256590 |
| 650 | 0 | 0 | |a Embargo |9 334099 |
| 650 | 0 | 0 | |a Sentencias |9 256250 |
| 942 | |c BK | ||
| 945 | |a paguirre |d 19970506 00:00:00 | ||
| 546 | |a En Español | ||
| 518 | |p Reunión de Profesores de Derecho Procesal de las Universidades Españolas, 9, Pamplona, 1974 | ||
| 999 | |c 382939 |d 382937 | ||
| 952 | |0 0 |1 0 |4 0 |6 347_077000000000000_PRI_1974 |7 0 |8 A |9 504887 |a BIBDER |b BIBDER |d 2020-01-23 |i 184122K |l 2 |m 1 |o 347.077 PRI 1974 |p 184122K |r 2023-01-25 |s 2022-05-06 |w 2020-01-23 |y BK |k DER | ||